000
00292nam a22001337a 4500
003
SGT
020
_a
978-0-387-37574-8
082
_a
612.826
_b
A07E
100
_a
ELBAUM, JEAN
245
_a
ACQUIRED BRAIN INJURY
260
_a
NEW YORK
_b
SPRINGIER
_c
2007
300
_a
298
942
_2
ddc
_c
BK
999
_c
15428
_d
15428